000 01913nam a2200421 a 4500
001 vtls002049072
003 NLI
005 20210701043827.0
008 191010s2013 ii fc g| 000 m ben
020 _cRs. 200.00
039 9 _a201910101650
_bardhenduk
_c201910101640
_dardhenduk
_y201910101638
_zardhenduk
040 _aNLI
_bben
_cBengali Div
041 0 _aben
044 _aii
082 0 4 _a928.9144
_223
100 1 _6880-01
245 0 0 _6880-02
_aবিনয়ভূষণ সেনগুপ্ত :
_b(কবি, প্রাবন্ধিক, গল্পকার, গীতিকার, সুরকার ও সঙ্গীতশিল্পী) /
_cসম্পাদক সুবোধচন্দ্র দত্তচৌধুরী
260 _aকলকাতা :
_bসুবোধচন্দ্র দত্তচৌধুরী,
_c2012
300 _a239 p. , [4] p. of col. plates :
_bports.(col.) ;
_c22 cm.
600 1 _aSengupta, Binaybhusan, 1931-
_xCriticism and interpretation
_91368544
650 0 _aBengali literature
_9677190
700 1 _6880-03
_aদত্তচৌধুরী, সুবোধচন্দ্র,
_4edt.
_9676999
700 1 _6880-04
700 1 _6880-05
880 1 _6100-01(B
880 0 0 _6245-02(B
_aBinaybhūṣaṇ Sengupta :
_b(kabi, prābandhik, galpakār, gītikār, surakār o sangītśilpī) /
_cedt. by Subodhcandra Dattacaudhurī
880 1 _6700-03(B
_aDattacaudhurī, Subodhcandra,
_4edt.
880 1 _6700-04(B
880 1 _6700-05(B
887 _aArdhendu Kunkri
901 _a85029 :
_b20.01.2014
902 _aB 928.9144 Se 4597
904 _aArdhendu Kunkri
949 _AVIRTUAITEM
_D10008
_X100
_6DBA000085029BEN
_e85029
942 _2ddc
_cBKS
999 _aVIRTUA
_c1464355
_d1464355
999 _aVTLSSORT0080*0200*0400*0410*0440*0820*1000*2450*2600*3000*6000*6500*7000*7001*7002*8520*8800*8801*8802*8803*8804*9010*9020*9040*9992